000 00565nam a22002057a 4500
999 _c6319
_d6319
003 OSt
005 20190918114728.0
008 190918b ||||| |||| 00| 0 eng d
020 _a0070889740
040 _cDDC.
082 _a338.5PRI 2003
100 _aFrank,H.Robert;[et...al]
_912943
245 _aPrinciples of micro economics;
250 _a1st canadian edition.
260 _aBoston,
_bMcGraw-Hill Ryerson;
_c2003.
300 _axxiii,469;
_bcol,ill;
_c28cm.
504 _aincludes glossary and index.
650 _aEconomics.
_9975
942 _2ddc
_cO_SHELF